¿Colón mallorquín? (Record no. 22952)

MARC details
000 -LEADER
campo de control de longitud fija 00718nam a2200193 i 4500
001 - NÚMERO DE CONTROL
campo de control 22952
003 - IDENTIFICADOR DE NÚMERO DE CONTROL
campo de control ES-MaACL
005 - FECHA Y HORA DE LA ÚLTIMA TRANSACCIÓN
campo de control 20230906152802.0
007 - CAMPO FIJO DE DESCRIPCIÓN FÍSICA--INFORMACIÓN GENERAL
campo de control de longitud fija t|
008 - DATOS DE LONGITUD FIJA--INFORMACIÓN GENERAL
campo de control de longitud fija 021205s1971 sp ||||1| spa d
100 1# - ENTRADA PRINCIPAL--NOMBRE DE PERSONA
Nombre de persona Alvarez de Sotomayor, Manuel.
9 (RLIN) 20777
245 11 - MENCIÓN DEL TÍTULO
Título ¿Colón mallorquín?
Resto del título : juicio crítico de la tesis del Colón balear /
Mención de responsabilidad, etc. Manuel Alvarez de Sotomayor.
260 ## - PUBLICACIÓN, DISTRIBUCIÓN, ETC.
Lugar de publicación, distribución, etc. Palma de Mallorca :
Nombre del editor, distribuidor, etc. [s.n.],
Fecha de publicación, distribución, etc. 1971.
300 ## - DESCRIPCIÓN FÍSICA
Extensión P. 193-283 ;
Dimensiones 22 cm.
500 ## - NOTA GENERAL
Nota general Es separata de: Historia de Mallorca, coordinada por J. Mascaró Pasarius. T. IV, fase 7.
600 14 - PUNTO DE ACCESO ADICIONAL DE MATERIA--NOMBRE DE PERSONA
Nombre de persona Colón, Cristóbal-
Subdivisión general Lugar de nacimiento.
9 (RLIN) 164774
700 1# - ENTRADA AGREGADA--NOMBRE PERSONAL
Nombre de persona Mascaró Pasarius, J.
9 (RLIN) 78687
852 ## - LOCALIZACIÓN
Ubicación ES-MaACL
Número de control de estantería C-42676
Sublocalización o colección R.79796
Holdings
Estatus retirado Estado de pérdida Estado de daño No para préstamo Biblioteca de origen Biblioteca actual Ubicación en estantería Fecha de adquisición Fuente de adquisición Total de préstamos Signatura topográfica completa Código de barras Visto por última vez Precio de reemplazo Tipo de ítem Koha
        Biblioteca del Ateneo de Madrid Biblioteca del Ateneo de Madrid Depósito 2 17/01/2008     C-42676 1023642 23/02/2023 23/02/2023 Libro impreso